Responses for Show #1032 - Tuesday, February 14, 1989

1989 Teen Tournament semifinal game 2.

Contestants

[<< previous game]

Stan Wu, a senior from Arlington, Virginia

Kristen Brimus, a junior from Rocky River, Ohio

Dan Chase, a junior from Fairfax, Virginia

[next game >>]

Jeopardy! Round responses

WHAT'S IN A NAME
MATH
WORLD CAPITALS
EVERYDAY INVENTIONS
FISH
ROCK STARS
    $100 15
Mary

Dan
    $100 26
decimal

Stan
    $100 1
Athens

Dan
    $100 6
a typewriter

Dan
    $100 11
teeth

Stan
    $100 13
Phil Collins

Dan
    $200 16
Edith

Dan
    $200 27
100

Kristen
    $200 2
Tokyo

Stan
    $200 7
Eskimos

Dan
    $200 12
the Mississippi

Kristen
    $200 18
Madonna

Dan
    $300 17
Dallas

Stan
    $300 28
(Kristen: What is geometry?)
(Alex: Be more specific.)
(Kristen: What is spatial geometry?)
(Stan: What is analytical geometry?)

solid geometry

KristenStan
Triple Stumper
    $300 3
Rome

Kristen
    $300 8
(Stan: Who is Goodrich?)

(John) Dunlop

DanStan
    $300 14
the pike

Triple Stumper
    $300 19
David Byrne

Kristen
    $400 22
Boris

Stan
    $400 29
congruent

Dan
    $400 4
Rangoon

Stan
    $400 9
(Kristen: What is rice?)
(Stan: What is bran?)

wheat

DanKristenStan
    $400 24
(Stan: What is a [*]?)
[Stan's response was ruled incorrect and it was deemed acceptable after the break.]

a herring (*salmon)

Stan
    $500 20
(Alex: Kristen, can you come up with a name?)
(Kristen: No, I can't.)
(Alex: It was supposed to be Barbra Streisand, originally, but it wound up being [*].)
[The song was not reprised going into the break.]

Siedah Garrett

Kristen
    $500 23
Helen

Stan
    $500 30
(Alex: We don't have any shoppers among you.)

$4.26

Triple Stumper
    $500 5
Beirut

Stan
    $500 10
a vacuum cleaner

Stan
    $500 25
(Kristen: What are fins?)

eyes

DanKristen
    $500 21
Buddy Holly

Kristen

Scores at the first commercial break (after clue 14):

Dan Kristen Stan
$1,200 $100 $1,000

Scores at the end of the Jeopardy! Round:

Dan Kristen Stan
$2,600 -$200 $2,400

Double Jeopardy! Round responses

"G" WHIZ
(Alex: All the correct responses will begin with that letter of the alphabet.)
HISTORY
SCI-FI MOVIES
FIRST YEAR FRENCH
OPERA
NAME THE NOVEL
    $200 7
a giraffe

Stan
    $200 1
Polo

Stan
    $200 14
Mad Max

Stan
    $200 2
(Alex: [*], right, boat.)

a bateau

Kristen
    $200 26
Beijing

Stan
    $200 17
The Good Earth

Stan
    $400 10
great niece

Kristen
    $400 3
Muhammad

Kristen
    $400 27
The Planet of the Apes

Dan
    $400 8
a potato

Stan
    $400 25
Carmen

Stan
    $400 22
The Grapes of Wrath

Stan
    $600 11
the garter

Kristen
    $600 4
1944

Kristen
    $600 28
Sleeper

Dan
    $600 9
a souvenir

Kristen
    $600 24
Paris

Stan
    $600 21
The Great Gatsby

Kristen
    $800 12
a gurney

Dan
    $800 5
the Byzantine Empire

Dan
    $800 29
Starman

Dan
    $800 15
a sock

Stan
    $800 23
Wagner

Stan
    $800 20
1984

Dan
    $1,100 13
(Alex: Dan?)
(Dan: What is uh, gee, growing?)

gleaning

Dan
    $1,200 6
El Cid

Dan
    $1000 30
(Stan: What is The Stranger in a Strange Land?)

Dune

DanStan
    $1000 16
a bookstore

Kristen
    $1000 19
La Scala

Stan
    $1000 18
East of Eden

Triple Stumper

Scores at the end of the Double Jeopardy! Round:

Dan Kristen Stan
$7,900 $4,200 $6,800

[wagering suggestions for these scores]

Final Jeopardy! Round responses

SOUTH AMERICA
KristenWhat is Argentina?
$4,200
StanWhat is Venezuela?
$6,800
DanWhat is Colombia?
$5,701
Venezuela

Final scores:

Dan Kristen Stan
$2,199 $0 $13,600
2nd place: $5,000 3rd place: $5,000 Finalist

Game dynamics:

Coryat scores:

Dan Kristen Stan
$8,800 $4,700 $6,800
19 R
(including 1 DD),
1 W
(including 1 DD)
13 R,
4 W
(including 1 DD)
22 R,
4 W

Combined Coryat: $20,300

[game clues] [game scores] [suggest correction]

Game tape date: 1989-01-05
The J! Archive is created by fans, for fans. Scraping, republication, monetization, and malicious use prohibited; this site may use cookies and collect identifying information. See terms. The Jeopardy! game show and all elements thereof, including but not limited to copyright and trademark thereto, are the property of Jeopardy Productions, Inc. and are protected under law. This website is not affiliated with, sponsored by, or operated by Jeopardy Productions, Inc. Join the discussion at JBoard.tv.